01001nam a22002177a 4500999001700000003000900017008004100026040007100067082002400138100002300162245006000185260004800245300005100293505019400344650002100538650004300559650004000602942001600642945002100658952010400679 c15553d15553AR-CdUCM190429b ||||| |||| 00| 0 spa d aMUNICIPALIDAD PROVINCIAL DEL CUSCOcBIBLIOTECA MUNICIPAL DEL CUSCO a375.2 /bL44 / 1954 aLemus, Luis Arturo aOrganización y supervisión de la escuela primaria / aLa Habana :bPublicaciones Cultural,c1954. a403 páginas ;bFotografías, tablasc24 cm. aContenido: Definición de la situación del director en la escuela -- Elaboración de la una filosofía educacional -- Investigación y análisis de las condiciones de la comunidad... aEducación9460 aFilosofía para la educación934659 aInvestigación y análisis934660 2ddccLIBROS adavvd29/04/2019 002ddc4070aSCAbSCAcCARTd2019-04-29g50.00o375.2 / L44 / 1954pSCA0003533r2019-04-29yLIBROS